Economía de la industria química
| Main Author: | |
|---|---|
| Format: | Section = Libro |
| Language: | Undetermined Spanish |
| Published: |
La Habana
Pueblo y Educación
1980
|
| Subjects: |
| LEADER | 00446nam a2200169Ia 4500 | ||
|---|---|---|---|
| 008 | 240830s9999 xx 000 0 und d | ||
| 040 | |a CEDOC FIQ-RUSB / 330 K76 | ||
| 041 | |a spa | ||
| 082 | |a 330 K76 | ||
| 100 | 1 | |a Kocherov, Nikolai P | |
| 245 | 1 | 0 | |a Economía de la industria química |
| 260 | |a La Habana |b Pueblo y Educación |c 1980 | ||
| 300 | |a 2. v: il | ||
| 650 | 7 | |a ECONOMIA INDUSTRIALES QUIMICO | |
| 942 | |c BK |2 ddc | ||
| 991 | |a TEXTO | ||
| 999 | |c 13278 | ||